Discours
Guardat en:
| Autor principal: | |
|---|---|
| Format: | Llibre |
| Idioma: | francès grec |
| Publicat: |
París
Les Belles Lettres
1929
|
| Col·lecció: | Collection des Universités de France
|
| Matèries: | |
| Etiquetes: |
Afegir etiqueta
Sense etiquetes, Sigues el primer a etiquetar aquest registre!
|
MARC
| LEADER | 00000nam a2200000 a 4500 | ||
|---|---|---|---|
| 001 | UCO5814 | ||
| 003 | CL-VaPUC | ||
| 008 | 000915e19290000FR |||||||||||||||||fre|d | ||
| 041 | 0 | 7 | |a fre |2 CL-VaPUC |
| 041 | 0 | 7 | |a gre |2 CL-VaPUC |
| 082 | 0 | 4 | |a 885 |b ISO |2 21 |
| 100 | |a Isócrates |e author |9 489541 | ||
| 245 | 1 | 0 | |a Discours |
| 300 | |a v | ||
| 942 | |c BK | ||
| 945 | |d 20000915 00:00:00 |a crobeson | ||
| 260 | |a París |b Les Belles Lettres |c 1929 | ||
| 500 | |a v.1: Contre Euthynous - Contre Lokhitès - Sur l'attelage - Trapézitique - Eginétique - A Démonicos - Contre les sophistes - Hélène - Busiris | ||
| 500 | |a v.2: Panégyrique - Plataïque - A Nicoclès - Nicoclès - Evagoras - Archidamos | ||
| 500 | |a v.3: Sur la paix - Aréopagitique - Sur l'échange | ||
| 650 | 0 | |a Discursos griegos |9 318236 | |
| 650 | 0 | |a Oratoria griega |9 265027 | |
| 650 | 7 | |a LITERATURA GRIEGA |2 CL-VaPUC |9 258054 | |
| 583 | |a last modification |c 20000915 00:00:00 |k Rodrigo Vera | ||
| 490 | 0 | |a Collection des Universités de France | |
| 999 | |c 291644 |d 291642 | ||
| 952 | |0 0 |1 0 |4 0 |6 885_000000000000000_ISO_1929 |7 0 |8 P |9 341669 |a BIBART |b BIBART |d 2019-11-20 |h v.1 |i 1223291 |o 885 ISO 1929 |p 1223291 |r 2025-03-13 |w 2019-11-20 |y BK |k ART | ||
| 952 | |0 0 |1 0 |4 0 |6 885_000000000000000_ISO_1929 |7 0 |8 P |9 341670 |a BIBART |b BIBART |d 2019-11-20 |h v.2 |i 1223305 |o 885 ISO 1929 |p 1223305 |r 2025-03-13 |w 2019-11-20 |y BK |k ART | ||
| 952 | |0 0 |1 0 |4 0 |6 885_000000000000000_ISO_1929 |7 0 |8 P |9 341671 |a BIBART |b BIBART |d 2019-11-20 |h v.3 |i 1223313 |o 885 ISO 1929 |p 1223313 |r 2025-03-13 |w 2019-11-20 |y BK |k ART | ||
| 952 | |0 0 |1 0 |4 0 |6 885_000000000000000_ISO_1929 |7 0 |8 P |9 341672 |a BIBART |b BIBART |d 2019-11-20 |h v.4 |i 1223321 |o 885 ISO 1929 |p 1223321 |r 2025-03-13 |w 2019-11-20 |y BK |k ART | ||